<The> Lending-deposit rate relationship in Eastern European Countries: evidence from the rank test for non-linear cointegration
Skúmanie možnej nelineárnej kointegrácie medzi úrokovými sadzbami z úverov a vkladov v ôsmich krajinách východnej Európy použitím neparametrického štatistického testu. Empirické výsledky testu. Asymetrický model TECM.
Saved in:
| Main Author: | |
|---|---|
| Other Authors: | |
| Format: | Book Chapter |
| Language: | English |
| Subjects: | |
| Tags: |
No Tags, Be the first to tag this record!
|
MARC
| LEADER | 00000naa a2200000 4500 | ||
|---|---|---|---|
| 001 | 0128049 | ||
| 005 | 20231010115643.9 | ||
| 041 | 0 | |a eng | |
| 044 | |a CZ | ||
| 245 | 1 | 0 | |a <The> Lending-deposit rate relationship in Eastern European Countries: evidence from the rank test for non-linear cointegration |c Hsu-Ling Chang, Chi-Wei Su |
| 520 | |a Skúmanie možnej nelineárnej kointegrácie medzi úrokovými sadzbami z úverov a vkladov v ôsmich krajinách východnej Európy použitím neparametrického štatistického testu. Empirické výsledky testu. Asymetrický model TECM. | ||
| 610 | 2 | 0 | |a sadzby úrokové |
| 610 | 2 | 0 | |a úver |
| 610 | 2 | 0 | |a vklady |
| 610 | 2 | 0 | |a modely |
| 610 | 2 | 0 | |a štatistika |
| 610 | 2 | 0 | |a východná Európa |
| 100 | 1 | |a Chang, Hsu-Ling | |
| 700 | 1 | |a Su, Chi-Wei | |